| 000 | 00385cam a22001097a 4500 | ||
|---|---|---|---|
| 008 | 180718b-- xxu||||| |||| 00| 0 eng d | ||
| 082 | _aB71103x5462 A | ||
| 100 | _aHimachal Pradesh. Rural Development and Panchayati Raj Department | ||
| 245 | _aThe Himachal Pradesh panchayati raj act | ||
| 260 |
_aSimla _bThe author _c-- |
||
| 500 | _aAct no. 6 of 1953, amended upto 1956; Act no. 4 of 1994 | ||
| 999 |
_c488560 _d488560 |
||